000
00235 a2200097 4500
001
30829
100
_a
Wilgus, A C
245
_a
Readings in Latin American Civilization
260
_a
New York
_b
Barnes & Noble
_c
090
_c
20726
_d
20726
942
_a
NUST-CAE
_c
M
_c
11921
999
_c
265902
_d
265902